[Event "DEM U18w 2024"]
[Site "Willingen GER"]
[Date "2024.05.19"]
[Round "2"]
[White "Werner, Rosalie"]
[Black "Wagner, Margarethe"]
[Result "1-0"]
[Termination "normal"]
[Board "1"]
[WhiteElo "1938"]
[BlackElo "2009"]
[WhiteClock "00:14:09"]
[BlackClock "00:00:39"]
[PlyCount "73"]
[WhiteFideId "16223748"]
[BlackFideId "16236947"]
[EventCountry "GER"]
[EventRounds "9"]
[EventType "swiss"]
[EventDate "2024.05.18"]

1. e4 {[%clk 01:30:58]} {[%emt 00:00:02]} c5 {[%clk 01:30:54]} {[%emt
00:00:07]} 2. Nf3 {[%clk 01:31:23]} {[%emt 00:00:05]} d6 {[%clk 01:31:17]}
{[%emt 00:00:06]} 3. d4 {[%clk 01:31:48]} {[%emt 00:00:05]} cxd4 {[%clk
01:31:41]} {[%emt 00:00:06]} 4. Nxd4 {[%clk 01:32:14]} {[%emt 00:00:04]} Nf6
{[%clk 01:32:02]} {[%emt 00:00:09]} 5. Nc3 {[%clk 01:32:39]} {[%emt 00:00:06]}
a6 {[%clk 01:32:26]} {[%emt 00:00:05]} 6. Be2 {[%clk 01:33:03]} {[%emt
00:00:06]} e5 {[%clk 01:32:48]} {[%emt 00:00:08]} 7. Nb3 {[%clk 01:33:28]}
{[%emt 00:00:06]} Be7 {[%clk 01:33:09]} {[%emt 00:00:08]} 8. O-O {[%clk
01:33:47]} {[%emt 00:00:11]} O-O {[%clk 01:33:32]} {[%emt 00:00:07]} 9. Re1
{[%clk 01:34:10]} {[%emt 00:00:07]} Be6 {[%clk 01:33:08]} {[%emt 00:00:54]} 10.
Bf3 {[%clk 01:34:15]} {[%emt 00:00:26]} Nbd7 {[%clk 01:32:55]} {[%emt
00:00:43]} 11. a4 {[%clk 01:34:21]} {[%emt 00:00:23]} Qb8 {[%clk 01:32:27]}
{[%emt 00:00:58]} 12. Nd2 {[%clk 01:32:43]} {[%emt 00:02:08]} Rc8 {[%clk
01:30:39]} {[%emt 00:02:18]} 13. Nf1 {[%clk 01:26:52]} {[%emt 00:06:21]} Bd8
{[%clk 01:26:32]} {[%emt 00:04:38]} 14. Ne3 {[%clk 01:10:47]} {[%emt 00:16:35]}
Ba5 {[%clk 01:13:38]} {[%emt 00:13:24]} 15. Bd2 {[%clk 01:04:21]} {[%emt
00:06:55]} Bxc3 {[%clk 01:03:18]} {[%emt 00:10:50]} 16. Bxc3 {[%clk 01:04:07]}
{[%emt 00:00:45]} Nc5 {[%clk 01:00:03]} {[%emt 00:03:45]} 17. Nd5 {[%clk
00:54:54]} {[%emt 00:09:42]} Nxd5 {[%clk 00:51:32]} {[%emt 00:09:02]} 18. exd5
{[%clk 00:54:30]} {[%emt 00:00:54]} Bf5 {[%clk 00:48:44]} {[%emt 00:03:18]} 19.
Bg4 {[%clk 00:53:07]} {[%emt 00:01:53]} Bxg4 {[%clk 00:41:33]} {[%emt
00:07:41]} 20. Qxg4 {[%clk 00:53:28]} {[%emt 00:00:09]} a5 {[%clk 00:41:03]}
{[%emt 00:01:00]} 21. Re3 {[%clk 00:48:54]} {[%emt 00:05:04]} Qc7 {[%clk
00:31:28]} {[%emt 00:10:04]} 22. Rh3 {[%clk 00:44:02]} {[%emt 00:05:22]} f6
{[%clk 00:14:57]} {[%emt 00:17:02]} 23. Qf5 {[%clk 00:32:56]} {[%emt 00:11:35]}
h6 {[%clk 00:14:31]} {[%emt 00:00:57]} 24. Bd2 {[%clk 00:28:57]} {[%emt
00:04:28]} Qd7 {[%clk 00:08:52]} {[%emt 00:06:09]} 25. Qf3 {[%clk 00:18:00]}
{[%emt 00:11:27]} f5 {[%clk 00:01:34]} {[%emt 00:07:48]} 26. Bxh6 {[%clk
00:16:09]} {[%emt 00:02:21]} gxh6 {[%clk 00:00:54]} {[%emt 00:01:10]} 27. Rxh6
{[%clk 00:16:31]} {[%emt 00:00:09]} Qf7 {[%clk 00:00:38]} {[%emt 00:00:45]} 28.
Qh3 {[%clk 00:16:25]} {[%emt 00:00:36]} Qg7 {[%clk 00:00:36]} {[%emt 00:00:32]}
29. Qh5 {[%clk 00:16:17]} {[%emt 00:00:38]} f4 {[%clk 00:00:42]} {[%emt
00:00:25]} 30. Rg6 {[%clk 00:16:35]} {[%emt 00:00:12]} Rc7 {[%clk 00:01:05]}
{[%emt 00:00:07]} 31. Ra3 {[%clk 00:15:18]} {[%emt 00:01:47]} Ne4 {[%clk
00:00:57]} {[%emt 00:00:38]} 32. Rh3 {[%clk 00:14:15]} {[%emt 00:01:32]} Nf6
{[%clk 00:00:40]} {[%emt 00:00:47]} 33. Rxg7+ {[%clk 00:14:28]} {[%emt
00:00:17]} Kxg7 {[%clk 00:00:42]} {[%emt 00:00:28]} 34. Qg5+ {[%clk 00:14:40]}
{[%emt 00:00:17]} Kf7 {[%clk 00:00:52]} {[%emt 00:00:22]} 35. Rh6 {[%clk
00:14:40]} {[%emt 00:00:30]} Nxd5 {[%clk 00:00:34]} {[%emt 00:00:47]} 36. Qg6+
{[%clk 00:14:16]} {[%emt 00:00:53]} Ke7 {[%clk 00:00:39]} {[%emt 00:00:26]} 37.
Qxd6+ {[%clk 00:14:09]} {[%emt 00:00:37]} 1-0

[Event "DEM U18w 2024"]
[Site "Willingen GER"]
[Date "2024.05.19"]
[Round "2"]
[White "Zhou, Lepu Coco"]
[Black "Pohle, Saskia"]
[Result "1/2-1/2"]
[Termination "normal"]
[Board "2"]
[WhiteElo "2040"]
[BlackElo "1901"]
[WhiteClock "00:22:26"]
[BlackClock "00:26:03"]
[PlyCount "42"]
[WhiteFideId "16217136"]
[BlackFideId "16201604"]
[EventCountry "GER"]
[EventRounds "9"]
[EventType "swiss"]
[EventDate "2024.05.18"]

1. e4 {[%clk 01:30:57]} {[%emt 00:00:03]} e5 {[%clk 01:30:56]} {[%emt
00:00:04]} 2. Nf3 {[%clk 01:31:20]} {[%emt 00:00:07]} Nc6 {[%clk 01:31:22]}
{[%emt 00:00:05]} 3. Bb5 {[%clk 01:31:45]} {[%emt 00:00:04]} a6 {[%clk
01:31:46]} {[%emt 00:00:07]} 4. Ba4 {[%clk 01:32:10]} {[%emt 00:00:05]} Nf6
{[%clk 01:32:11]} {[%emt 00:00:04]} 5. O-O {[%clk 01:32:31]} {[%emt 00:00:09]}
Be7 {[%clk 01:32:36]} {[%emt 00:00:04]} 6. Re1 {[%clk 01:32:52]} {[%emt
00:00:10]} b5 {[%clk 01:33:00]} {[%emt 00:00:07]} 7. Bb3 {[%clk 01:33:14]}
{[%emt 00:00:07]} O-O {[%clk 01:33:19]} {[%emt 00:00:11]} 8. h3 {[%clk
01:33:32]} {[%emt 00:00:12]} Bb7 {[%clk 01:32:50]} {[%emt 00:01:00]} 9. c3
{[%clk 01:30:12]} {[%emt 00:03:50]} d5 {[%clk 01:31:04]} {[%emt 00:02:15]} 10.
exd5 {[%clk 01:26:52]} {[%emt 00:03:50]} Nxd5 {[%clk 01:31:19]} {[%emt
00:00:15]} 11. d4 {[%clk 01:24:21]} {[%emt 00:03:02]} exd4 {[%clk 01:30:07]}
{[%emt 00:01:42]} 12. cxd4 {[%clk 01:24:17]} {[%emt 00:00:33]} Na5 {[%clk
01:16:49]} {[%emt 00:13:49]} 13. Bc2 {[%clk 01:22:37]} {[%emt 00:02:09]} Bd6
{[%clk 01:15:22]} {[%emt 00:01:57]} 14. Nc3 {[%clk 01:12:38]} {[%emt 00:10:29]}
Nf4 {[%clk 01:05:44]} {[%emt 00:10:08]} 15. Ne4 {[%clk 01:08:50]} {[%emt
00:04:18]} Re8 {[%clk 00:50:21]} {[%emt 00:15:54]} 16. a4 {[%clk 00:47:23]}
{[%emt 00:21:56]} b4 {[%clk 00:37:54]} {[%emt 00:12:58]} 17. Nxd6 {[%clk
00:38:00]} {[%emt 00:09:52]} Qxd6 {[%clk 00:33:59]} {[%emt 00:04:24]} 18. Bxf4
{[%clk 00:33:00]} {[%emt 00:05:31]} Qxf4 {[%clk 00:33:17]} {[%emt 00:01:11]}
19. Qd3 {[%clk 00:32:37]} {[%emt 00:00:54]} g6 {[%clk 00:32:17]} {[%emt
00:01:30]} 20. Ne5 {[%clk 00:27:22]} {[%emt 00:05:44]} Rad8 {[%clk 00:30:45]}
{[%emt 00:02:03]} 21. Rad1 {[%clk 00:22:26]} {[%emt 00:05:26]} c5 {[%clk
00:26:03]} {[%emt 00:05:13]} 1/2-1/2

[Event "DEM U18w 2024"]
[Site "Willingen GER"]
[Date "2024.05.19"]
[Round "2"]
[White "Racky, Selina"]
[Black "Buchholz, Maja Patricia"]
[Result "0-1"]
[Termination "normal"]
[Board "3"]
[WhiteElo "1711"]
[BlackElo "2030"]
[WhiteClock "00:32:37"]
[BlackClock "00:20:55"]
[PlyCount "60"]
[WhiteFideId "16239440"]
[BlackFideId "16200500"]
[EventCountry "GER"]
[EventRounds "9"]
[EventType "swiss"]
[EventDate "2024.05.18"]

1. e4 {[%clk 01:30:59]} {[%emt 02:11:47]} e6 {[%clk 01:30:50]} {[%emt
00:00:11]} 2. Nf3 {[%clk 01:31:22]} {[%emt 00:00:06]} d5 {[%clk 01:31:09]}
{[%emt 00:00:11]} 3. exd5 {[%clk 01:31:48]} {[%emt 00:00:05]} exd5 {[%clk
01:31:31]} {[%emt 00:00:08]} 4. d4 {[%emt 00:00:06]} Bd6 {[%clk 01:31:08]}
{[%emt 00:00:51]} 5. h3 {[%clk 01:32:38]} {[%emt 00:00:06]} Ne7 {[%clk
01:29:29]} {[%emt 00:02:10]} 6. Bd3 {[%clk 01:32:59]} {[%emt 00:00:08]} Bf5
{[%clk 01:27:15]} {[%emt 00:02:44]} 7. Nc3 {[%clk 01:32:37]} {[%emt 00:00:52]}
c6 {[%clk 01:27:01]} {[%emt 00:00:44]} 8. O-O {[%clk 01:29:53]} {[%emt
00:03:13]} Bxd3 {[%clk 01:24:02]} {[%emt 00:03:30]} 9. Qxd3 {[%clk 01:30:17]}
{[%emt 00:00:06]} Nd7 {[%clk 01:21:08]} {[%emt 00:03:25]} 10. Ne2 {[%clk
01:27:24]} {[%emt 00:03:22]} Qc7 {[%clk 01:20:14]} {[%emt 00:01:24]} 11. c4
{[%clk 01:25:53]} {[%emt 00:02:00]} dxc4 {[%clk 01:19:57]} {[%emt 00:00:48]}
12. Qxc4 {[%clk 01:26:18]} {[%emt 00:00:05]} O-O {[%clk 01:19:35]} {[%emt
00:00:52]} 13. Nc3 {[%clk 01:20:47]} {[%emt 00:06:00]} Rad8 {[%clk 01:15:51]}
{[%emt 00:04:15]} 14. Bg5 {[%clk 01:18:03]} {[%emt 00:03:14]} Nb6 {[%clk
01:15:00]} {[%emt 00:01:21]} 15. Qd3 {[%clk 01:17:22]} {[%emt 00:01:09]} f6
{[%clk 01:12:30]} {[%emt 00:03:01]} 16. Be3 {[%clk 01:16:55]} {[%emt 00:00:57]}
Nbd5 {[%clk 01:06:54]} {[%emt 00:06:06]} 17. Rac1 {[%clk 01:14:20]} {[%emt
00:03:04]} Qd7 {[%clk 01:06:12]} {[%emt 00:01:13]} 18. Qc4 {[%clk 01:13:04]}
{[%emt 00:01:46]} Kh8 {[%clk 01:05:31]} {[%emt 00:01:12]} 19. Bd2 {[%clk
01:11:29]} {[%emt 00:02:04]} Qf5 {[%clk 01:04:26]} {[%emt 00:01:34]} 20. Rfe1
{[%clk 01:08:38]} {[%emt 00:03:21]} Nf4 {[%clk 00:47:56]} {[%emt 00:17:01]} 21.
Ne4 {[%clk 01:03:13]} {[%emt 00:05:55]} Ned5 {[%clk 00:46:30]} {[%emt
00:01:57]} 22. Ng3 {[%clk 00:55:32]} {[%emt 00:08:10]} Nxh3+ {[%clk 00:41:33]}
{[%emt 00:05:27]} 23. Kh2 {[%clk 00:52:47]} {[%emt 00:03:15]} Nxf2 {[%clk
00:40:53]} {[%emt 00:01:11]} 24. Ne5 {[%clk 00:46:45]} {[%emt 00:06:31]} Qc8
{[%clk 00:36:13]} {[%emt 00:05:11]} 25. Qe2 {[%clk 00:42:03]} {[%emt 00:05:10]}
fxe5 {[%clk 00:36:21]} {[%emt 00:00:24]} 26. dxe5 {[%clk 00:42:14]} {[%emt
00:00:18]} Bxe5 {[%clk 00:36:10]} {[%emt 00:00:41]} 27. Rc4 {[%clk 00:40:52]}
{[%emt 00:01:52]} Rde8 {[%clk 00:30:34]} {[%emt 00:06:06]} 28. Qh5 {[%clk
00:39:13]} {[%emt 00:02:09]} Nf6 {[%clk 00:26:15]} {[%emt 00:04:49]} 29. Qh4
{[%clk 00:37:49]} {[%emt 00:01:53]} Qe6 {[%clk 00:21:33]} {[%emt 00:05:13]} 30.
Bc3 {[%clk 00:32:37]} {[%emt 00:05:43]} N6g4+ {[%clk 00:20:55]} {[%emt
00:01:08]} 0-1

[Event "DEM U18w 2024"]
[Site "Willingen GER"]
[Date "2024.05.19"]
[Round "2"]
[White "Voigt, Anastasia"]
[Black "von Beckh, Frieda"]
[Result "1-0"]
[Termination "normal"]
[Board "4"]
[WhiteElo "1992"]
[BlackElo "1764"]
[WhiteClock "00:16:39"]
[BlackClock "00:00:54"]
[PlyCount "79"]
[WhiteFideId "16235223"]
[BlackFideId "16233751"]
[EventCountry "GER"]
[EventRounds "9"]
[EventType "swiss"]
[EventDate "2024.05.18"]

1. e4 {[%clk 01:30:58]} {[%emt 00:00:01]} c5 {[%clk 01:30:55]} {[%emt
00:00:05]} 2. Nf3 {[%clk 01:31:24]} {[%emt 00:00:04]} Nc6 {[%clk 01:31:21]}
{[%emt 00:00:05]} 3. d4 {[%clk 01:31:50]} {[%emt 00:00:04]} cxd4 {[%clk
01:31:46]} {[%emt 00:00:05]} 4. Nxd4 {[%clk 01:32:14]} {[%emt 00:00:05]} g6
{[%clk 01:32:08]} {[%emt 00:00:08]} 5. c4 {[%clk 01:32:40]} {[%emt 00:00:05]}
Nf6 {[%clk 01:32:31]} {[%emt 00:00:07]} 6. Nc3 {[%clk 01:32:44]} {[%emt
00:00:26]} d6 {[%clk 01:32:52]} {[%emt 00:00:09]} 7. Be2 {[%clk 01:32:18]}
{[%emt 00:00:56]} Nxd4 {[%clk 01:33:12]} {[%emt 00:00:10]} 8. Qxd4 {[%clk
01:32:37]} {[%emt 00:00:11]} Bg7 {[%clk 01:33:36]} {[%emt 00:00:06]} 9. Be3
{[%clk 01:30:22]} {[%emt 00:02:44]} O-O {[%clk 01:32:48]} {[%emt 00:01:18]} 10.
Qd2 {[%clk 01:29:31]} {[%emt 00:01:21]} a5 {[%clk 01:32:24]} {[%emt 00:00:53]}
11. a4 {[%clk 01:25:00]} {[%emt 00:05:02]} Be6 {[%clk 01:29:15]} {[%emt
00:03:38]} 12. Rc1 {[%clk 01:22:08]} {[%emt 00:03:23]} Rc8 {[%clk 01:25:23]}
{[%emt 00:04:23]} 13. b3 {[%clk 01:21:41]} {[%emt 00:00:57]} Nd7 {[%clk
01:23:13]} {[%emt 00:02:39]} 14. f3 {[%clk 01:19:08]} {[%emt 00:03:03]} Nc5
{[%clk 01:22:21]} {[%emt 00:01:22]} 15. Bd1 {[%clk 01:18:04]} {[%emt 00:01:33]}
f5 {[%clk 01:18:53]} {[%emt 00:03:58]} 16. Bc2 {[%clk 01:11:09]} {[%emt
00:07:25]} f4 {[%clk 01:12:18]} {[%emt 00:07:06]} 17. Bf2 {[%clk 01:09:46]}
{[%emt 00:01:52]} Qb6 {[%clk 00:59:54]} {[%emt 00:12:54]} 18. Nd5 {[%clk
01:07:22]} {[%emt 00:02:54]} Bxd5 {[%clk 00:59:01]} {[%emt 00:01:24]} 19. exd5
{[%clk 01:05:44]} {[%emt 00:02:08]} Qb4 {[%clk 00:53:41]} {[%emt 00:05:50]} 20.
Qxb4 {[%clk 01:05:43]} {[%emt 00:00:31]} axb4 {[%clk 00:54:06]} {[%emt
00:00:05]} 21. O-O {[%clk 01:02:47]} {[%emt 00:03:26]} Bc3 {[%clk 00:51:51]}
{[%emt 00:02:46]} 22. Be1 {[%clk 00:54:30]} {[%emt 00:08:44]} Bxe1 {[%clk
00:51:57]} {[%emt 00:00:25]} 23. Rcxe1 {[%clk 00:53:54]} {[%emt 00:01:06]} Rce8
{[%clk 00:48:58]} {[%emt 00:03:29]} 24. h4 {[%clk 00:47:15]} {[%emt 00:07:09]}
Rf6 {[%clk 00:40:43]} {[%emt 00:08:46]} 25. Rf2 {[%clk 00:45:21]} {[%emt
00:02:22]} Kg7 {[%clk 00:34:53]} {[%emt 00:06:22]} 26. Rfe2 {[%clk 00:45:31]}
{[%emt 00:00:19]} Rf7 {[%clk 00:33:56]} {[%emt 00:01:27]} 27. Kf2 {[%clk
00:43:39]} {[%emt 00:02:21]} Kh6 {[%clk 00:26:52]} {[%emt 00:07:36]} 28. g4
{[%clk 00:40:26]} {[%emt 00:03:40]} fxg3+ {[%clk 00:20:29]} {[%emt 00:06:56]}
29. Kxg3 {[%clk 00:40:51]} {[%emt 00:00:05]} Kh5 {[%clk 00:12:26]} {[%emt
00:08:33]} 30. Re3 {[%clk 00:40:21]} {[%emt 00:00:58]} Rg7 {[%clk 00:10:23]}
{[%emt 00:02:34]} 31. f4 {[%clk 00:39:15]} {[%emt 00:01:37]} Rf7 {[%clk
00:09:44]} {[%emt 00:01:09]} 32. Bd1+ {[%clk 00:39:29]} {[%emt 00:00:15]} Kh6
{[%clk 00:10:06]} {[%emt 00:00:09]} 33. Bg4 {[%clk 00:38:38]} {[%emt 00:01:20]}
Kg7 {[%clk 00:04:03]} {[%emt 00:06:35]} 34. h5 {[%clk 00:35:56]} {[%emt
00:03:11]} Kf6 {[%clk 00:03:26]} {[%emt 00:01:07]} 35. h6 {[%clk 00:29:09]}
{[%emt 00:07:16]} Rff8 {[%clk 00:02:48]} {[%emt 00:01:10]} 36. Kh4 {[%clk
00:25:00]} {[%emt 00:04:36]} Rg8 {[%clk 00:02:13]} {[%emt 00:01:06]} 37. Be6
{[%clk 00:16:50]} {[%emt 00:08:40]} g5+ {[%clk 00:01:28]} {[%emt 00:01:17]} 38.
fxg5+ {[%clk 00:16:31]} {[%emt 00:00:48]} Rxg5 {[%clk 00:00:32]} {[%emt
00:01:27]} 39. Rf1+ {[%clk 00:16:26]} {[%emt 00:00:33]} Kg6 {[%clk 00:00:54]}
{[%emt 00:00:08]} 40. Bf7+ {[%clk 00:16:39]} {[%emt 00:00:16]} 1-0

[Event "DEM U18w 2024"]
[Site "Willingen GER"]
[Date "2024.05.19"]
[Round "2"]
[White "Malmström, Eva"]
[Black "Sereda, Yaroslava"]
[Result "0-1"]
[Termination "normal"]
[Board "5"]
[WhiteElo "1792"]
[BlackElo "1925"]
[WhiteClock "00:00:48"]
[BlackClock "00:00:51"]
[PlyCount "80"]
[WhiteFideId "34607072"]
[BlackFideId "14178940"]
[EventCountry "GER"]
[EventRounds "9"]
[EventType "swiss"]
[EventDate "2024.05.18"]

1. e4 {[%clk 01:30:59]} c5 {[%clk 01:30:55]} {[%emt 00:00:05]} 2. Nf3 {[%clk
01:31:21]} {[%emt 00:00:08]} Nc6 {[%clk 01:31:16]} {[%emt 00:00:09]} 3. d4
{[%clk 01:31:42]} {[%emt 00:00:09]} cxd4 {[%clk 01:31:40]} {[%emt 00:00:07]} 4.
Nxd4 {[%clk 01:32:03]} {[%emt 00:00:09]} e5 {[%clk 01:31:59]} {[%emt 00:00:11]}
5. Nb5 {[%clk 01:28:14]} {[%emt 00:04:18]} d6 {[%clk 01:32:14]} {[%emt
00:00:15]} 6. Be3 {[%clk 01:27:52]} {[%emt 00:00:52]} Nf6 {[%clk 01:25:43]}
{[%emt 00:07:01]} 7. N5c3 {[%clk 01:21:58]} {[%emt 00:06:25]} Be7 {[%clk
01:22:56]} {[%emt 00:03:16]} 8. Be2 {[%clk 01:18:23]} {[%emt 00:04:04]} Be6
{[%clk 01:21:51]} {[%emt 00:01:36]} 9. O-O {[%clk 01:18:16]} {[%emt 00:00:36]}
O-O {[%clk 01:18:43]} {[%emt 00:03:39]} 10. Nd2 {[%clk 01:17:19]} {[%emt
00:01:27]} d5 {[%clk 01:15:13]} {[%emt 00:04:00]} 11. exd5 {[%clk 01:17:02]}
{[%emt 00:00:46]} Nxd5 {[%clk 01:12:23]} {[%emt 00:03:20]} 12. Nxd5 {[%clk
01:16:34]} {[%emt 00:00:58]} Bxd5 {[%clk 01:11:37]} {[%emt 00:01:17]} 13. Bf3
{[%clk 01:06:27]} {[%emt 00:10:36]} f5 {[%clk 00:59:33]} {[%emt 00:12:34]} 14.
Bxd5+ {[%clk 01:04:34]} {[%emt 00:02:23]} Qxd5 {[%clk 00:59:45]} {[%emt
00:00:18]} 15. Nb3 {[%clk 01:04:28]} {[%emt 00:00:37]} Qc4 {[%clk 00:56:29]}
{[%emt 00:03:45]} 16. Qd3 {[%clk 00:51:19]} {[%emt 00:13:38]} Qxd3 {[%clk
00:50:05]} {[%emt 00:06:56]} 17. cxd3 {[%clk 00:51:40]} {[%emt 00:00:08]} Rfd8
{[%clk 00:44:45]} {[%emt 00:05:50]} 18. Rfd1 {[%clk 00:49:26]} {[%emt
00:02:43]} Rd5 {[%clk 00:44:11]} {[%emt 00:01:04]} 19. f4 {[%clk 00:29:57]}
{[%emt 00:19:59]} Nb4 {[%clk 00:37:15]} {[%emt 00:07:27]} 20. Rac1 {[%clk
00:26:43]} {[%emt 00:03:43]} exf4 {[%clk 00:34:52]} {[%emt 00:02:54]} 21. Bxf4
{[%clk 00:20:37]} {[%emt 00:06:35]} Nxd3 {[%clk 00:33:36]} {[%emt 00:01:46]}
22. Be3 {[%clk 00:15:58]} {[%emt 00:05:09]} Bf6 {[%clk 00:21:43]} {[%emt
00:12:24]} 23. Rc7 {[%clk 00:13:40]} {[%emt 00:02:48]} Nb4 {[%clk 00:19:31]}
{[%emt 00:02:42]} 24. Rdc1 {[%clk 00:12:12]} {[%emt 00:01:58]} Nxa2 {[%clk
00:12:11]} {[%emt 00:07:50]} 25. Ra1 {[%clk 00:11:29]} {[%emt 00:01:12]} Rb5
{[%clk 00:06:45]} {[%emt 00:05:57]} 26. Nc5 {[%clk 00:05:41]} {[%emt 00:06:18]}
Rxb2 {[%clk 00:06:08]} {[%emt 00:01:07]} 27. Rd1 {[%clk 00:05:40]} {[%emt
00:00:30]} Re8 {[%clk 00:04:23]} {[%emt 00:02:15]} 28. Rdd7 {[%clk 00:04:41]}
{[%emt 00:01:29]} f4 {[%clk 00:03:57]} {[%emt 00:00:56]} 29. Ne4 {[%clk
00:03:30]} {[%emt 00:01:41]} Rb1+ {[%clk 00:04:08]} {[%emt 00:00:20]} 30. Kf2
{[%clk 00:03:17]} {[%emt 00:00:42]} fxe3+ {[%clk 00:04:34]} {[%emt 00:00:04]}
31. Ke2 {[%clk 00:02:20]} {[%emt 00:01:27]} Nc3+ {[%clk 00:00:53]} {[%emt
00:04:12]} 32. Nxc3 {[%clk 00:02:41]} {[%emt 00:00:09]} Bxc3 {[%clk 00:01:22]}
33. Rxc3 {[%clk 00:02:44]} {[%emt 00:00:26]} Rb2+ {[%clk 00:01:42]} {[%emt
00:00:10]} 34. Kf3 {[%clk 00:01:38]} {[%emt 00:01:37]} e2 {[%clk 00:00:51]}
{[%emt 00:01:21]} 35. Rcc7 {[%clk 00:01:35]} {[%emt 00:00:32]} e1=N+ {[%clk
00:00:50]} {[%emt 00:00:31]} 36. Kg4 {[%clk 00:00:37]} {[%emt 00:01:28]} Rxg2+
{[%clk 00:01:04]} {[%emt 00:00:17]} 37. Kf4 {[%clk 00:00:48]} {[%emt 00:00:18]}
Rf2+ {[%clk 00:00:50]} {[%emt 00:00:44]} 38. Kg3 {[%clk 00:00:59]} {[%emt
00:00:19]} Rf3+ {[%clk 00:00:46]} {[%emt 00:00:34]} 39. Kg4 {[%clk 00:01:07]}
{[%emt 00:00:23]} Re4+ {[%clk 00:00:52]} {[%emt 00:00:25]} 40. Kg5 {[%clk
00:00:48]} {[%emt 00:00:47]} h6+ {[%clk 00:00:51]} {[%emt 00:00:32]} 0-1